| 000 | 00381pab a2200145 454500 | ||
|---|---|---|---|
| 008 | 180718b1988 xxu||||| |||| 00| 0 eng d | ||
| 100 | _aRamakanth, J. | ||
| 245 | _aOn the situational leadership theory of Hersey and Blanchard | ||
| 260 | _c1988 | ||
| 300 | _a1-16 | ||
| 362 | _aJul. | ||
| 650 | _aLeadership | ||
| 773 | _aIndian Journal of Industrial Relations | ||
| 909 | _a12385 | ||
| 999 |
_c12385 _d12385 |
||